02900cam a2200589 i 4500001001200000003000600012005001700018008004100035020004800076035002200124035002300146040005900169041001300228045001700241046002100258245029100279246008500570260011000655300003800765336002700803337005400830338002800884380001600912380002300928388001000951504005700961600004401018600004801062610004701110610010301157648002601260648002601286648002601312650006301338650004801401650004101449650004101490650003401531650004301565650005601608650008901664651004001753655004201793658001301835700004801848700006001896710013401956920005002090942001502140999001702155952013802172xx004846920NUKAT20260428131543.0200422s2020 pl a |001 0dpol c a9788380988293q(oprawa twarda) :czł 50,00 a(OCoLC)1153322684 a(NUKAT)xx004846920 aKAT U/AMbpolerdacKAT U/AMsdKAT U/AMdOLSZT 008/bak1 apolheng2 bd1940bd1952 k2020o1951p195200aMord w Lesie Katyńskim :bprzesłuchania przed amerykańską komisją Maddena w latach 1951-1952.nT. 3 /cwstęp, wybór i opracowanie Witold Wasilewski ; przełożył Wacław Jan Popowski ; Instytut Pamięci Narodowej. Komisja Ścigania Zbrodni przeciwko Narodowi Polskiemu.30aPrzesłuchania przed amerykańską komisją Maddena w latach 1951-1952.nT. 3 aWarszawa :bInstytut Pamięci Narodowej. Komisja Ścigania Zbrodni przeciwko Narodowi Polskiemu,c2020. a815 stron :bilustracje ;c25 cm. aTekstbtxt2rdacontent aBez urządzenia pośredniczącegobn2rdamedia aWoluminbnc2rdacarrier aKsiążki aPublikacje naukowe1 a2001- aIndeks osób. Indeks geograficzny do tomów I-III.17aMadden, Ray J.d(1892-1987)2DBN94080717aMadden, Ray Johnd(1892-1987).2kaba94080827aKongres Stanów Zjednoczonych2DBN94080917aStany Zjednoczone.bCongress.bHouse.bSelect Committee on the Katyn Forest Massacre.2kaba940810 7a1901-20002DBN934996 7a1939-19452DBN936042 7a1945-19892DBN936043 7aEgzekucja polskich oficerów w Katyniu (1940)2DBN940811 7aParlamentarna komisja śledcza2DBN940812 7aPrzesłuchanie świadka2DBN940813 7aŚledztwo i dochodzenie2DBN940784 7aSprawa katyńska2DBN940759 7aZbrodnia katyńska (1940)2DBN940760 7aKatyń, Zbrodnia (1940)xźródła.2kaba940814 7aPrzesłuchanie świadkówzStany Zjednoczoney1945-1970vźródła.2kaba940815 7aStany Zjednoczone (USA)2DBN935652 7aWydawnictwo źródłowe2DBN935066 aHistoria1 aPopowski, Wacław Jan.eTłumaczenie9408051 aWasilewski, Witoldd(1972- ).eWstępeRedakcja9408062 aInstytut Pamięci Narodowej - Komisja Ścigania Zbrodni przeciwko Narodowi Polskiemu.eInstytucja sprawczaeWydawca4pbl911792 a978-83-8098-829-3 (oprawa twarda) : zł 50,00 2ddccBK_NM c27843d27843 00102ddc40708K_magaBIPbBIPd2020-11-30eD-36/2020fDg50.00i59961l0o59961pIPWK24065r2026-04-28 13:16:44w2026-04-28yBK_NM